MARC

LEADER 00000nam0a2200000 4500
001 303014
005 20231102001548.0
035 |a (RuTPU)RU\TPU\book\328232 
090 |a 303014 
100 |a 20150828d1970 km y0rusy50 ca 
101 0 |a rus 
102 |a RU 
105 |a y z 001zy 
200 1 |a Научно-техническая революция и наука в Сибири  |f В. П. Александров 
210 |a Новосибирск  |c Западно-Сибирское книжное издательство  |d 1970 
215 |a 110 с. 
320 |a Библиогр. в примеч. 
606 1 |a Наука  |y В Сибири  |2 stltpush  |3 (RuTPU)RU\TPU\subj\45074  |9 64336 
606 1 |a Технический прогресс  |y СССР  |y Россия  |2 stltpush  |3 (RuTPU)RU\TPU\subj\60126  |9 77615 
610 1 |a научно-техническая революция 
610 1 |a проблемы 
610 1 |a перспективы 
610 1 |a социально-экономические последствия 
610 1 |a Сибирь 
675 |a 62.001.7(47+57)  |v 4 
686 |a Ч21(2Р5)  |v LBC/SL-A  |2 rubbk 
700 1 |a Александров  |b В. П.  |g Владимир Петрович 
801 1 |a RU  |b 63413507  |c 20150828 
801 2 |a RU  |b 63413507  |c 20160203  |g RCR 
942 |c BK